| 000 | 00394cam a2200157ua 4500 | ||
|---|---|---|---|
| 041 |
_aeng _h |
||
| 082 |
_a821 _bRHY/GO |
||
| 100 | _aRhys, Earnest . | ||
| 245 |
_aGolden treasure of longer poems / _cEarnest Rhys. _hTextual Documents |
||
| 260 |
_aLondon : _bJ M Dent and Sons Ltd , _c1958. |
||
| 300 | _a434 ; . | ||
| 504 | _a | ||
| 942 | _cBK | ||
| 999 |
_c5327 _d5327 |
||